One bear lost (Record no. 1234)

MARC details
000 -LEADER
fixed length control field 00627nam a22002297a 4500
005 - DATE AND TIME OF LATEST TRANSACTION
control field 20230808170651.0
020 ## - INTERNATIONAL STANDARD BOOK NUMBER
International Standard Book Number 9781405494342
040 ## - CATALOGING SOURCE
Original cataloging agency FISKH
Language of cataloging eng
Transcribing agency FISKH
Modifying agency FISKH
050 ## - LIBRARY OF CONGRESS CALL NUMBER
Classification number PZ7
082 ## - DEWEY DECIMAL CLASSIFICATION NUMBER
Classification number [E]
100 ## - MAIN ENTRY--PERSONAL NAME
Personal name Hayles, Karen
245 ## - TITLE STATEMENT
Title One bear lost
260 ## - PUBLICATION, DISTRIBUTION, ETC.
Place of publication, distribution, etc. Bath :
Name of publisher, distributor, etc. Parragon,
Date of publication, distribution, etc. 2007.
300 ## - PHYSICAL DESCRIPTION
Extent 26 unnumbered pages :
Dimensions 30 cm.
505 ## - FORMATTED CONTENTS NOTE
Formatted contents note E
520 ## - SUMMARY, ETC.
Summary, etc. One by one the bears disappear from view until one poor bear is left alone.
521 ## - TARGET AUDIENCE NOTE
Target audience note 310 <br/>
Source Lexile estimate
521 ## - TARGET AUDIENCE NOTE
Target audience note E <br/>
Source Raz-Plus estimate
942 ## - ADDED ENTRY ELEMENTS (KOHA)
Source of classification or shelving scheme Dewey Decimal Classification
Koha item type Books
Suppress in OPAC No
999 ## -
-- 1234
-- 1234
Holdings
Withdrawn status Lost status Source of classification or shelving scheme Damaged status Not for loan Collection Home library Current library Shelving location Date acquired Total Checkouts Full call number Barcode Date last seen Date last checked out Copy number Price effective from Koha item type Public note
  Lost Dewey Decimal Classification     Juvenile Fiction Footprints International School Library Network Toul Kork Campus Footprints International School Library Network Toul Kork Campus TK Primary Library Room(4th Floor), Bookcase 7, Shelves 57-60, Dark Green Books 08/08/2023 4 HAY [E] PZ7 2023-0216 03/22/2024 03/22/2024 1 08/08/2023 Books student drop of the school
    Dewey Decimal Classification     Juvenile Fiction Footprints International School Library Network Toul Kork Campus Footprints International School Library Network Toul Kork Campus TK Primary Library Room(4th Floor), Bookcase 7, Shelves 57-60, Dark Green Books 08/08/2023   HAY [E] PZ7 2024-0531 04/25/2024   2 08/08/2023 Books  
    Dewey Decimal Classification     Juvenile Fiction Footprints International School Library Network Toul Tom Poung Campus Footprints International School Library Network Toul Kork Campus TTP Primary Green Bookshelves 08/08/2023 1 HAY [E] PZ7 2024-0533 09/17/2025 09/08/2025 4 08/08/2023 Books  
    Dewey Decimal Classification     Juvenile Fiction Footprints International School Library Network Toul Tom Poung Campus Footprints International School Library Network Toul Tom Poung Campus TTP Primary Green Bookshelves 08/08/2023   HAY [E] PZ7 2024-0532 04/25/2024   3 08/08/2023 Books